000 00580nam a2200229Ia 4500
003 OSt
005 20230331152327.0
008 210423s2017 xx 000 0 und d
020 _a978-93-325-1907-7
040 _cAL
041 _aeng
082 _a519.2
_223
_bROSF
100 _aROSS (Sheldon)
_981073
245 _aFirst course in probability Ed 9
250 _a9
260 _aNoida
_bPearson Education Pvt Ltd
_c2017
300 _a455
_bPB
365 _b769
_cINR
650 _aProbabilities
_981074
906 _a9 ; course ; First ; probability
942 _2ddc
_cBK
999 _c168980
_d168980